Obra dels alcayts el del Jutges / (Record no. 135695)

MARC details
000 -LEADER
campo de control de longitud fija 00792nam a2200205 i 4500
001 - NÚMERO DE CONTROL
campo de control 135695
003 - IDENTIFICADOR DE NÚMERO DE CONTROL
campo de control ES-MaACL
005 - FECHA Y HORA DE LA ÚLTIMA TRANSACCIÓN
campo de control 20250808084009.0
007 - CAMPO FIJO DE DESCRIPCIÓN FÍSICA--INFORMACIÓN GENERAL
campo de control de longitud fija t|
008 - DATOS DE LONGITUD FIJA--INFORMACIÓN GENERAL
campo de control de longitud fija 070214s1927 sp |||| | cat d
100 1# - ENTRADA PRINCIPAL--NOMBRE DE PERSONA
Nombre de persona Jacobo de las Leyes.
9 (RLIN) 156752
245 10 - MENCIÓN DEL TÍTULO
Título Obra dels alcayts el del Jutges /
Mención de responsabilidad, etc. por el Maestro [Jacobo de las Leyes] ; (versión catalana del siglo XIII, hasta ahora inédita, de Las flores de las leyes) ; anotada y publicada con un estudio preliminar por Pompeyo Claret Martí.
260 ## - PUBLICACIÓN, DISTRIBUCIÓN, ETC.
Lugar de publicación, distribución, etc. Barcelona :
Nombre del editor, distribuidor, etc. Santiago Vives,
Fecha de publicación, distribución, etc. 1927.
300 ## - DESCRIPCIÓN FÍSICA
Extensión 84 p. ;
Dimensiones 22 cm.
650 #7 - PUNTO DE ACCESO ADICIONAL DE MATERIA--TÉRMINO DE MATERIA
Término de materia o nombre geográfico como elemento de entrada Derecho-
Subdivisión geográfica Castilla (Reino)
Fuente del encabezamiento o término
9 (RLIN) 165029
700 1# - ENTRADA AGREGADA--NOMBRE PERSONAL
Nombre de persona Claret Martí, Pompeyo.
9 (RLIN) 39012
740 42 - ENTRADA AGREGADA--TÍTULO RELACIONADO/ANALÍTICO NO CONTROLADO
Título relacionado o analítico no controlado Las flores de las leyes.
852 ## - LOCALIZACIÓN
Ubicación ES-MaACL
Número de control de estantería F-3290
Holdings
Estatus retirado Estado de pérdida Estado de daño No para préstamo Biblioteca de origen Biblioteca actual Ubicación en estantería Fecha de adquisición Fuente de adquisición Total de préstamos Signatura topográfica completa Código de barras Visto por última vez Precio de reemplazo Tipo de ítem Koha
        Biblioteca del Ateneo de Madrid Biblioteca del Ateneo de Madrid Depósito 2 17/01/2008     F-3290 1141225 23/02/2023 23/02/2023 Libro impreso